Bibliografía de novelistas mexicanos (Record no. 115563)

MARC details
000 -LEADER
campo de control de longitud fija 01038nam a2200253 i 4500
001 - NÚMERO DE CONTROL
campo de control 115563
003 - IDENTIFICADOR DE NÚMERO DE CONTROL
campo de control ES-MaACL
005 - FECHA Y HORA DE LA ÚLTIMA TRANSACCIÓN
campo de control 20230906190504.0
007 - CAMPO FIJO DE DESCRIPCIÓN FÍSICA--INFORMACIÓN GENERAL
campo de control de longitud fija t|
008 - DATOS DE LONGITUD FIJA--INFORMACIÓN GENERAL
campo de control de longitud fija 070315s1926 mx b |||| |cspa d
080 ## - NÚMERO DE LA CLASIFICACIÓN DECIMAL UNIVERSAL
Número de la Clasificación Decimal Universal 016:929:821.134.2(72)-31
080 ## - NÚMERO DE LA CLASIFICACIÓN DECIMAL UNIVERSAL
Número de la Clasificación Decimal Universal 821.134.2(72)-31.09
100 1# - ENTRADA PRINCIPAL--NOMBRE DE PERSONA
Nombre de persona Iguiniz, Juan B.
9 (RLIN) 186306
245 10 - MENCIÓN DEL TÍTULO
Título Bibliografía de novelistas mexicanos
Resto del título : ensayo biográfico, bibliográfico y crítico /
Mención de responsabilidad, etc. Juan B. Iguíniz ; precedido de un estudio histórico de la novela mexicana por Francisco Monterde García Icazbalceta.
260 ## - PUBLICACIÓN, DISTRIBUCIÓN, ETC.
Lugar de publicación, distribución, etc. México :
Nombre del editor, distribuidor, etc. [s.n.],
Fecha de publicación, distribución, etc. 1926 (
Lugar de fabricación/manufactura Imp. de la Secretaría de Relaciones Exteriores)
300 ## - DESCRIPCIÓN FÍSICA
Extensión XXXV, 432 p. ;
Dimensiones 20 cm.
490 1# - MENCIÓN DE SERIE
Mención de serie Monografías bibliográficas mexicanas ;
Designación de volumen o secuencia 3
650 #4 - PUNTO DE ACCESO ADICIONAL DE MATERIA--TÉRMINO DE MATERIA
Término de materia o nombre geográfico como elemento de entrada Escritores mexicanos-
Subdivisión de forma Biobibliografías.
9 (RLIN) 162171
650 #4 - PUNTO DE ACCESO ADICIONAL DE MATERIA--TÉRMINO DE MATERIA
Término de materia o nombre geográfico como elemento de entrada Novela mexicana-
Subdivisión general Historia y crítica.
9 (RLIN) 157026
700 1# - ENTRADA AGREGADA--NOMBRE PERSONAL
Nombre de persona Monterde, Francisco.
9 (RLIN) 82467
830 0# - PUNTO DE ACCESO ADICIONAL DE SERIE-TÍTULO UNIFORME
Título uniforme Monografías bibliográficas mexicanas ;
Designación de volumen o secuencia 3
9 (RLIN) 186305
852 ## - LOCALIZACIÓN
Ubicación ES-MaACL
Número de control de estantería B-13408
Holdings
Estatus retirado Estado de pérdida Estado de daño No para préstamo Biblioteca de origen Biblioteca actual Ubicación en estantería Fecha de adquisición Fuente de adquisición Total de préstamos Signatura topográfica completa Código de barras Visto por última vez Precio de reemplazo Tipo de ítem Koha
        Biblioteca del Ateneo de Madrid Biblioteca del Ateneo de Madrid Sala Pardo Bazán 17/01/2008     B-13408 1120498 23/02/2023 23/02/2023 Libro impreso